La vocación científica de los Garavito / (Registro nro. 3876)

Detalles MARC
000 -LEADER
fixed length control field 01055nam a2200241Ia 4500
003 - CONTROL NUMBER IDENTIFIER
control field OSt
005 - DATE AND TIME OF LATEST TRANSACTION
control field 20200930174056.0
008 - FIXED-LENGTH DATA ELEMENTS--GENERAL INFORMATION
fixed length control field 191128s2016 ck ao gr 000 0dspa d
020 ## - INTERNATIONAL STANDARD BOOK NUMBER
International Standard Book Number 9789585841192
040 ## - CATALOGING SOURCE
Original cataloging agency CO-JMCR
Transcribing agency CO-JMCR
041 0# - LANGUAGE CODE
Language code of text/sound track or separate title spa
082 04 - DEWEY DECIMAL CLASSIFICATION NUMBER
Classification number 925.2 /
Item number G212v
Edition number 23
100 1# - MAIN ENTRY--PERSONAL NAME
Personal name Garavito Silva, Gonzalo,
Relator term autor
9 (RLIN) 11053
245 13 - TITLE STATEMENT
Title La vocación científica de los Garavito /
Statement of responsibility, etc. Gonzalo Garavito Silva
260 ## - PUBLICATION, DISTRIBUTION, ETC.
Place of publication, distribution, etc. Bogotá :
Name of publisher, distributor, etc. Sociedad Geográfica de Colombia,
Date of publication, distribution, etc. 2016
300 ## - PHYSICAL DESCRIPTION
Extent 271 páginas :
Other physical details fotografías a color y blanco y negro ;
Dimensions 21 cm.
500 ## - GENERAL NOTE
General note Incluye datos biográficos del autor en solapa.
504 ## - BIBLIOGRAPHY, ETC. NOTE
Bibliography, etc. note Bibliografía: páginas 267-271
505 0# - FORMATTED CONTENTS NOTE
Formatted contents note Raíces familiares -- José María Garavito Armero -- Julio Garavito Armero -- Justino Garavito Armero -- Fernando Garavito Armero -- José María Garavito Baraya -- Clemente Garavito Baraya -- Santiago Garavito Cadena
600 14 - SUBJECT ADDED ENTRY--PERSONAL NAME
Personal name Garavito Armero, Julio,
Chronological subdivision 1865-1920
9 (RLIN) 11059
650 14 - SUBJECT ADDED ENTRY--TOPICAL TERM
Topical term or geographic name entry element Biografías
General subdivision Garavito Armero
Form subdivision historia
9 (RLIN) 11060
942 ## - ADDED ENTRY ELEMENTS (KOHA)
Source of classification or shelving scheme Dewey Decimal Classification
Koha item type Books
Existencias
Withdrawn status Lost status Source of classification or shelving scheme Damaged status Not for loan Collection code Home library Current library Date acquired Source of acquisition Total Checkouts Full call number Barcode Date last seen Date last checked out Copy number Koha item type
    Dewey Decimal Classification     Non-fiction Biblioteca Pública José María del Castillo y Rada Biblioteca Pública José María del Castillo y Rada 12/01/2017 Donación 2 925.2 / G212v 201808445 09/19/2024 09/19/2024 Ej.1 Books